000 00328nam a22001457a 4500
008 230831b ||||| |||| 00| 0 eng d
020 _a394306767
041 _aeng
080 _2SECOND EDITION
_a101
082 _a101GOR
100 _a40
101 _aFILO
245 _aPHILOSOPHICAL ANALYSIS
_cGOROVITZ.S
942 _2udc
_cBK
999 _c60213
_d60213